000 00713nam a2200289Ia 4500
005 20260324120909.0
008 008 260324s9999 xx 000 0 eng d
020 _a9781315230191
037 _aEBOOK
040 _aCRL
040 _beng
040 _cCRL
041 _2eng
041 _aeng
084 _qCRL
100 _aMichelle Icard
_91160394
245 0 _aMiddle School Makeover
245 0 _bImproving the Way You and Your Child Experience the Middle School Years
260 _bTaylor and Francis
260 _c2014
365 _a
365 _b290
856 _uhttp://www.taylorfrancis.com/books/9781315230191
942 _cEBOOK
999 _c1752175
_d1752175